000
00295nam a2200109Ia 4500
008
230907s9999||||xx |||||||||||||| ||und||
082
_a
621.322
_b
DIL
100
_a
Dilaura, David
_9
118023
245
_a
The lighting handbook HB-10-11 /
_c
David Dilaura.
260
_c
2019-09-27
942
_2
ddc
_c
EB
999
_c
599624
_d
599624